Možnosti rozvoja cestovného ruchu v Dunajskej Strede bakalárska práca

Enregistré dans:
Détails bibliographiques
Auteur principal: Vargová, Annamária
Collectivité auteur: Obchodná fakulta EU. Katedra služieb a cestovného ruchu - zrušené
Autres auteurs: Staňo, Roman
Format: Livre
Langue:slovaque
Publié: Bratislava 2014
Tags: Ajouter un tag
Pas de tags, Soyez le premier à ajouter un tag!

MARC

LEADER 00000nbm a2200000 4500
001 0190352
005 20170314124930.7
041 0 |a slo 
044 |a SK 
245 1 0 |a Možnosti rozvoja cestovného ruchu v Dunajskej Strede  |b bakalárska práca  |c Annamária Vargová ; školiteľ: Roman Staňo 
264 1 |a Bratislava  |c 2014 
300 |a 60 s. 
100 1 |a Vargová, Annamária 
700 1 |a Staňo, Roman 
710 2 |a Obchodná fakulta EU. Katedra služieb a cestovného ruchu - zrušené